Regiones de Italia - Statistics

Statistiche generali
  • Questo quiz è stato fatto 249 volte
  • Il punteggio medio è 19 su 20
Statistiche sulle risposte
Respuesta / Risposta % Corretto
Sicilia (Sicilia)
97%
Piamonte (Piemonte)
95%
Apulia (Puglia)
94%
Cerdeña (Sardegna)
94%
Friuli-Venecia Julia (Friuli-Venezia Giulia)
94%
Liguria (Liguria)
94%
Lombardía (Lombardia)
94%
Véneto (Veneto)
94%
Emilia-Romaña (Emilia-Romagna)
93%
Toscana (Toscana)
93%
Calabria (Calabria)
92%
Campania (Campania)
92%
Lacio (Lazio)
92%
Trentino-Alto Adigio (Trentino-Alto Adige)
92%
Valle de Aosta (Valle d'Aosta)
92%
Basilicata (Basilicata)
91%
Molise (Molise)
90%
Marcas (Marche)
89%
Umbría (Umbria)
89%
Abruzos (Abruzzo)
88%
Nessun quiz corrispondente trovato
Distribuzione punteggi
Percentuale di utenti per punteggio
Percentile per numero di risposta
I tuoi punteggi nel tempo
Non hai fatto questo quiz